Les provinces romaines - Statistiques

Statistiques générales
  • Ce quiz a été pris 162 fois
  • Le résultat moyen est 9 sur 15
Statistiques - réponses
Par images Réponse % Correct
Sicilia / Sicile
96%
Aegyptus / Egypte
95%
Aquitania / Aquitaine
81%
Dacia / Dacie
70%
Macedonia / Macédoine
70%
Asia / Asie
67%
Thracia / Thrace
62%
Mesopotamia / Mésopotamie
55%
Armenia / Arménie
54%
Arabia / Arabie
51%
Baetica / Bétique
47%
Dalmatia / Dalmatie
45%
Germania Inferior / Germanie Inférieure
39%
Gallia Narbonensis / Gaule Narbonnaise
35%
Corsica et Sardinia / Corse et Sardaigne
24%
Aucun quiz correspondant
Distribution des résultats
% des personnes avec chaque résultat
Percentile par nombre de réponses
Votre historique - résultats
Vous n’avez pas pris ce quiz